000 00493nam a2200169 4500
003 SEACOMMC
005 20250424125117.0
008 241030b |||||||| |||| 00| 0 eng d
020 _a 81-84120-18-4
_cRs.275.00
040 _aSEACOMMC
082 _a658.477
_bC 435
100 _a Chakrabarty, U. K
245 1 _aIndustrial Disaster Management and Emergency Response
_c U. K. Chakrabarty
260 _a New Delhi
_b Asian Books
_c ©2007.
650 _a Disasters -- Management
942 _cBOOK
999 _c714
_d714